LEADER 00893nam a2200205 i 4500 001 000000223901 003 CaOOAMICUS 005 20131022000000.0 008 131022s1917 it u000 u fre u 013 $a202799 040 $aSeMil$bita 245 13$aLe Psautier de Saint Hilaire de Poitiers /$ctexte précédé d'une introduction par Henri Jeannotte. 260 $aParis :$bLecoffre, J. Gabalda et C.,$c1917. 300 $aXLV, 97 p. ;$c21 cm. 650 4$aIlario : di Poitiers - Opere.$0(OLS)http://semarc/subject/3127 700 1 $aJeannotte, Henri.$0(OLS)http://semarc/name/78040 850 $aSeMil 852 $aSeMil$W1$xVenegono$y1$m2V II 81$j174247$B174247$CSeMilBibl$Z2$F184411 $81 996 $6245$aLe Psautier de Saint Hilaire de Poitiers$9(OLS)http://semarc/title/320998 996 $6260$aParis :$bLecoffre, J. Gabalda et C.$9(OLS)http://semarc/publisher/29815 LEADER 00909nam a2200217 i 4500 001 000000049560 003 CaOOAMICUS 005 20100320000000.0 008 100320s1984 it u000 u ita u 013 $a20731 040 $aSeMil$bita 100 1 $aSarale, Nicolino <1928- >.$0(OLS)http://semarc/name/22014 245 10$aEsperienze cristiane :$bitinerari di ricerca e di conquista della verità /$cNicolino Sarale. 260 $aCosenza :$bPellegrini,$ccopyr. 1984. 300 $a238 p. ;$c21 cm. 650 4$aCristianesimo.$0(OLS)http://semarc/subject/425 850 $aSeMil 852 $aSeMil$W1$xVenegono$y1$m3F V 476$j15715$B15715$CSeMilBibl$Z2$F15715 $81 961 $aOmaggio: Colombo don Umberto 996 $6245$aEsperienze cristiane :$bitinerari di ricerca e di conquista della verità$9(OLS)http://semarc/title/75408 996 $6260$aCosenza :$bPellegrini$9(OLS)http://semarc/publisher/37066